Prime yields fall fractionally in March (Record no. 82382)

MARC details
000 -LEADER
fixed length control field 00951cam a22001935a 4500
001 - CONTROL NUMBER
control field L150070
008 - FIXED-LENGTH DATA ELEMENTS--GENERAL INFORMATION
fixed length control field 100527e2010 xxk 000 0 eng d
035 ## - SYSTEM CONTROL NUMBER
System control number (Sirsi) u150070
041 0# - LANGUAGE CODE
Language code of text/sound track or separate title eng
110 2# - MAIN ENTRY--CORPORATE NAME
Corporate name or jurisdiction name as entry element Property Week
9 (RLIN) 1549
245 00 - TITLE STATEMENT
Title Prime yields fall fractionally in March
260 ## - PUBLICATION, DISTRIBUTION, ETC.
Date of publication, distribution, etc. 2010
490 #0 - SERIES STATEMENT
Series statement Property Week
Volume/sequential designation 76(19) 17 May 2010, 40(1)
520 ## - SUMMARY, ETC.
Summary, etc. Cushman and Wakefield's April UK property investment market update shows prime yields falling by only eight basis points to an average 5.79%, their lowest level since May 2008. There was however downward pressure in only five of the 25 subsectors analysed. Many investors remain frustrated by the lack of prime property on the market and strong buyer competition. Table covers prime retail yields by subsector for April 2010.
590 ## - LOCAL NOTE (RLIN)
Local note KA
651 #4 - SUBJECT ADDED ENTRY--GEOGRAPHIC NAME
Geographic name United Kingdom
Chronological subdivision
690 ## - LOCAL SUBJECT ADDED ENTRY--TOPICAL TERM (OCLC, RLIN)
Topical term or geographic name as entry element PROPERTY-COMMERCIAL PROPERTY-COMMERCIAL PROPERTY FINANCE AND INVESTMENT
942 ## - ADDED ENTRY ELEMENTS (KOHA)
Suppress in OPAC 0
Holdings
Withdrawn status Lost status Source of classification or shelving scheme Damaged status Not for loan Home library Current library Shelving location Date acquired Total Checkouts Full call number Barcode Date last seen Copy number Price effective from Koha item type
    Dewey Decimal Classification     London London Books 27/05/2010   L150070 150070-1001 06/08/2019 1 06/08/2019 Book